Indiquez la profession des parents ! 13 - Statistiques

Statistiques générales
  • Ce quiz a été pris 4 fois
  • Le résultat moyen est 3 sur 20
Statistiques - réponses
Hint Réponse % Correct
Romane Bohringer Acteur
67%
Clémentine Célarié Ecrivain - journaliste / Secrétaire de production
67%
Ariane Borg Industriel
33%
Leslie Caron Pharmacien / Danseuse
33%
Emma de Caunes Présentateur / Réalisatrice
33%
Louise Bourgoin Professeurs
33%
Marilou Berry Sculpteur / Actrice
33%
Valérie Bonneton Assureur
0%
Maria Casarès Avocat
0%
Valéria Bruni Tedeschi Compositeur d'opéra / Pianiste
0%
Gisèle Casadesus Compositeur / Harpiste
0%
Martine Carol Entrepreneur de transports
0%
Dominique Blanc Gynécologue / Infirmière
0%
Carole Bouquet Ingénieur
0%
Claudia Cardinale Ingénieur
0%
Ingrid Chauvin Maître-nageur / Documentaliste
0%
Tsilla Chelton Négociant en grains
0%
Marie-Anne Chazel Pasteur / Actrice
0%
Zabou Breitman Scénariste / Comédienne
0%
Mathilde Casadesus Violoncellistes
0%
Aucun quiz correspondant
Distribution des résultats
% des personnes avec chaque résultat
Percentile par nombre de réponses
Votre historique - résultats
Vous n’avez pas pris ce quiz